| 000 | 00377nam a2200133Ia 4500 | ||
|---|---|---|---|
| 008 | 150202s9999 xx 000 0 und d | ||
| 020 | _a733509908 | ||
| 050 |
_aFIC _bFIC |
||
| 100 | _aCarter, Rosemary. | ||
| 245 |
_aCowboy to the altar / _cRosemary Carter. |
||
| 260 |
_aAustralia : _bHarlequin Mills and Boon, _c1997. |
||
| 300 |
_a186 pages : _c18 cm. |
||
| 650 | _aFiction. | ||
| 999 |
_c281887 _d281887 |
||